Click the People in The School of Athens - Statistics

General Stats
  • This quiz has been taken 32 times
  • The average score is 7 of 23
Answers on the Map
Answers color-coded by a green-red scale on the quiz's map according to % correct below.
 
Answer Stats
Answer % Correct
Plato
79%
Aristotle
76%
Athena / Minerva
55%
Apollo
48%
Alcibiades / Alexander the Great
45%
Diogenes of Sinope
45%
Heraclitus
45%
Hypatia / Francesco Maria I della Rovere / Giovanni Pico della Mirandola
45%
Pythagoras
38%
Parmenides
31%
Socrates
31%
Averroes
28%
Democritus / Epicurus
28%
Apelles (Raphael)
24%
Claudius Ptolemy
21%
Archimedes / Euclid
17%
Carneades / Plotinus
17%
Antisthenes / Xenophon of Athens
14%
Anaximander / Boethius / Empedocles
10%
Protogenes (Il Sodoma / Pietro Perugino / Timoteo Viti)
10%
Strabo / Zoroaster
10%
Aeschines of Sphettus / Xenophon of Athens
7%
Zeno of Citium
7%
No matching quizzes found
Score Distribution
Percent of People with Each Score
Percentile by Number Answered
Your Score History
You have not taken this quiz